| 000 | 00498nmm a2200157Ia 4500 | ||
|---|---|---|---|
| 008 | 251105s9999||||xx |||||||||||||||||und|| | ||
| 020 | _a9786316503169 | ||
| 041 | _aspa | ||
| 100 | _aPorciúncula, Eduardo | ||
| 245 | 0 |
_aHermanos de sangre : _b Alfredo Campos, una biografía política 1938-1946 |
|
| 264 |
_a[Buenos Aires, Argentina] : _bEditorial Sb, _c2023 |
||
| 300 | _a209 páginas | ||
| 650 | _aHistory (General) | ||
| 856 | _uhttps://public.digitaliapublishing.com/a/129926 | ||
| 942 | _cCF | ||
| 999 |
_c76085 _d76085 |
||